[Event "DVM U12w 2022"]
[Site "Berlin GER"]
[Date "2022.12.29"]
[Round "7"]
[White "Shynkar, Daria"]
[Black "Prokscha, Charlotte"]
[Result "0-1"]
[Termination "normal"]
[Board "1.1"]
[WhiteElo "1089"]
[BlackElo "1430"]
[WhiteTeam "SchachAkademiePaderborn e. V."]
[BlackTeam "SC Garching 1980 e.V. 1"]
[PlyCount "78"]
[WhiteFideId "34163212"]
[BlackFideId "34614699"]
[EventCountry "GER"]
[EventRounds "7"]
[EventType "team-swiss"]
[EventDate "2022.12.26"]

{normal} 1. d4 d5 2. c4 e5 3. dxe5 d4 4. Nf3 Nc6 5. Bf4 Be6 6. Qc2 Bb4 7. Nbd2
h6 8. h3 Nge7 9. a3 Bf5 10. Qb3 Bxd2 11. Nxd2 Rb8 12. e4 dxe3 13. Qxe3 Qd4 14.
Qxd4 Nxd4 15. Kd1 Rd8 16. Kc1 Ng6 17. Bh2 O-O 18. g4 Bd7 19. f4 Rfe8 20. Bg2
Ba4 21. Bf1 Nf3 22. b3 Nxh2 23. Rxh2 Bc6 24. Rf2 Rd7 25. a4 Red8 26. b4 b6 27.
b5 Bb7 28. Re2 Nxf4 29. Re3 Rxd2 30. Re1 Bf3 31. Re3 Rd1 32. Kb2 Rxa1 33. Kxa1
Rd1 34. Kb2 Rxf1 35. Kc3 Bg2 36. h4 Rc1 37. Kb4 Bf1 38. Re4 Nd3 39. Kb3 Nc5 0-1

[Event "DVM U12w 2022"]
[Site "Berlin GER"]
[Date "2022.12.29"]
[Round "7"]
[White "Doberchak, Emily Alice"]
[Black "Hladeniuk, Yelyzaveta"]
[Result "0-1"]
[Termination "normal"]
[Board "1.2"]
[WhiteElo "883"]
[BlackElo "1146"]
[WhiteTeam "SC Garching 1980 e.V. 1"]
[BlackTeam "SchachAkademiePaderborn e. V."]
[PlyCount "130"]
[WhiteFideId "34630139"]
[BlackFideId "34176128"]
[EventCountry "GER"]
[EventRounds "7"]
[EventType "team-swiss"]
[EventDate "2022.12.26"]

{normal} 1. e4 c6 2. d4 d5 3. Nc3 e6 4. Nf3 Bb4 5. Bd3 dxe4 6. Bxe4 Nf6 7. Bd3
Nd5 8. Bd2 Nxc3 9. bxc3 Bd6 10. Ne5 O-O 11. O-O Nd7 12. Nf3 Nf6 13. h3 c5 14.
Ne5 cxd4 15. cxd4 Bc7 16. Qf3 Qxd4 17. Ng4 Nxg4 18. hxg4 Qd6 19. g3 Rb8 20. g5
b6 21. Qe4 g6 22. Qh4 Bb7 23. Bc3 Qd5 24. f3 Bxg3 25. Qxg3 Qc5+ 26. Kh1 Qxc3
27. Qh3 Qd2 28. Rg1 Qf2 29. Rgf1 Qe3 30. Rae1 Qxg5 31. Re2 Qf6 32. Rh2 Qg7 33.
Kg1 h5 34. Rff2 Qa1+ 35. Rf1 Qxa2 36. Rg2 Kg7 37. Qg3 Kh8 38. Qe5+ Kh7 39. Qf6
Rg8 40. Qxf7+ Kh8 41. Bxg6 Rg7 42. Qf6 Rbg8 43. Rh2 Qd5 44. Rxh5+ Qxh5 45. Kf2
Qh2+ 46. Ke1 Qg3+ 47. Ke2 Ba6+ 48. Bd3 Bxd3+ 49. cxd3 Qh2+ 50. Rf2 Qh5 51. Rg2
Kh7 52. Rf2 Rg5 53. Kd2 Qh3 54. Qf4 Rg2 55. Qh6+ Kxh6 56. Ke3 Rxf2 57. Kxf2 a5
58. Ke3 a4 59. Kd2 a3 60. Ke3 a2 61. Z0 Qh2 {ungültiger Zug f4} 62. f4 a1=Q 63.
Ke4 Qh3 64. Z0 Qe1+ 65. Kd4 Rd8+ 0-1

[Event "DVM U12w 2022"]
[Site "Berlin GER"]
[Date "2022.12.29"]
[Round "7"]
[White "Cao, Weiqi"]
[Black "Berger, Jennifer"]
[Result "1-0"]
[Termination "normal"]
[Board "1.3"]
[WhiteElo "1116"]
[BlackElo "918"]
[WhiteTeam "SchachAkademiePaderborn e. V."]
[BlackTeam "SC Garching 1980 e.V. 1"]
[PlyCount "55"]
[WhiteFideId "34630112"]
[BlackFideId "34630074"]
[EventCountry "GER"]
[EventRounds "7"]
[EventType "team-swiss"]
[EventDate "2022.12.26"]

{normal} 1. d4 d5 2. Nf3 Nf6 3. g3 Bf5 4. Bg2 e6 5. O-O c5 6. c4 Nc6 7. b3 Nb4
8. Nc3 Nc2 9. Rb1 Nxd4 10. Nxd4 Bxb1 11. Nxe6 Bg6 12. Nxd8 Rxd8 13. Nxd5 Bb1
14. Nxf6 gxf6 15. Qe1 Bxa2 16. Qc3 Bxb3 17. Qxb3 b6 18. Bb2 Be7 19. Qe3 Kf8 20.
Qh6 Ke8 21. Bc6 Rd7 22. Bxd7 Kxd7 23. Bxf6 Bxf6 24. Qxf6 Ra8 25. Qxf7 Kc8 26.
Rd1 Rb8 27. Rd7 Rb7 28. Qe8# 1-0

[Event "DVM U12w 2022"]
[Site "Berlin GER"]
[Date "2022.12.29"]
[Round "7"]
[White "Anaparthi, Anika"]
[Black "Achilles, Rosa"]
[Result "0-1"]
[Termination "normal"]
[Board "1.4"]
[WhiteElo "833"]
[BlackElo "996"]
[WhiteTeam "SC Garching 1980 e.V. 1"]
[BlackTeam "SchachAkademiePaderborn e. V."]
[PlyCount "63"]
[WhiteFideId "34639608"]
[BlackFideId "34630066"]
[EventCountry "GER"]
[EventRounds "7"]
[EventType "team-swiss"]
[EventDate "2022.12.26"]

{normal} 1. e4 e6 2. Nf3 d5 3. exd5 exd5 4. Nc3 c6 5. d3 Bd6 6. Be2 Nf6 7. O-O
O-O 8. Bg5 Nbd7 9. h3 h6 10. Bd2 Qb6 11. Na4 Qc7 12. c4 Re8 13. Rc1 Nc5 14.
Nxc5 Bxc5 15. cxd5 Qd6 16. dxc6 bxc6 17. d4 Bxd4 18. Nxd4 Qxd4 19. Bf3 Bd7 20.
Bxc6 Bxc6 21. Rxc6 Qxb2 22. Ra6 Rad8 23. Bc1 Qb5 24. Qa4 Qxa4 25. Rxa4 g5 26.
h4 Nh7 27. Rg4 Rd5 28. f4 f6 29. fxg5 fxg5 30. hxg5 hxg5 31. Bb2 Rd7 32. Rb4
{nicht weiter nachvollziehbar} 0-1

[Event "DVM U12w 2022"]
[Site "Berlin GER"]
[Date "2022.12.29"]
[Round "7"]
[White "Hoffmann, Svenja"]
[Black "Xiao, Yiyi"]
[Result "0-1"]
[Termination "normal"]
[Board "2.1"]
[WhiteElo "1431"]
[BlackElo "1162"]
[WhiteTeam "Schachzwerge Magdeburg"]
[BlackTeam "SC Weisse Dame e.V."]
[PlyCount "56"]
[WhiteFideId "16287312"]
[BlackFideId "34605665"]
[EventCountry "GER"]
[EventRounds "7"]
[EventType "team-swiss"]
[EventDate "2022.12.26"]

{normal} 1. e4 e5 2. Nf3 Nc6 3. Bc4 Bc5 4. c3 Nf6 5. d4 exd4 6. cxd4 Bb4 7. Nc3
Bxc3 8. bxc3 Nxe4 9. Qe2 d5 10. Ng5 O-O 11. Nxe4 dxe4 12. O-O Bf5 13. Bf4 Qd7
14. Rad1 Ne7 15. d5 Bg4 16. f3 exf3 17. gxf3 Bh3 18. Rfe1 Ng6 19. Bg3 Rfe8 20.
Qb2 Qf5 21. d6 cxd6 22. Bxd6 Qg5 23. Bg3 Qc5 24. Rd4 Rxe1 25. Bxe1 Re8 26. Bf2
Qg5 27. Bg3 Re1 28. Kf2 Qe3# 0-1

[Event "DVM U12w 2022"]
[Site "Berlin GER"]
[Date "2022.12.29"]
[Round "7"]
[White "Zhou, Leyi Charlotte"]
[Black "Rössling, Laura Marie"]
[Result "1/2-1/2"]
[Termination "normal"]
[Board "2.2"]
[WhiteElo "1320"]
[BlackElo "1360"]
[WhiteTeam "SC Weisse Dame e.V."]
[BlackTeam "Schachzwerge Magdeburg"]
[PlyCount "37"]
[WhiteFideId "16258100"]
[BlackFideId "16289471"]
[EventCountry "GER"]
[EventRounds "7"]
[EventType "team-swiss"]
[EventDate "2022.12.26"]

{normal} 1. e4 c5 2. Nf3 d6 3. d4 cxd4 4. Qxd4 Nc6 5. Bb5 Bd7 6. Bxc6 Bxc6 7.
Nc3 Nf6 8. Bg5 h6 9. Bh4 Qd7 10. O-O-O e5 11. Qd3 O-O-O 12. Nd5 Bxd5 13. Bxf6
gxf6 14. Qxd5 Kb8 15. Nd2 Re8 16. Nb3 Qc7 17. Rd2 h5 18. Kb1 Bh6 19. Re2
{Partie nicht weiter nachvollziehbar} 1/2-1/2

[Event "DVM U12w 2022"]
[Site "Berlin GER"]
[Date "2022.12.29"]
[Round "7"]
[White "Funke, Luise"]
[Black "John, Linnea"]
[Result "0-1"]
[Termination "normal"]
[Board "2.3"]
[WhiteElo "1091"]
[BlackElo "1326"]
[WhiteTeam "Schachzwerge Magdeburg"]
[BlackTeam "SC Weisse Dame e.V."]
[PlyCount "64"]
[WhiteFideId "34623752"]
[BlackFideId "34623680"]
[EventCountry "GER"]
[EventRounds "7"]
[EventType "team-swiss"]
[EventDate "2022.12.26"]

{normal} 1. e4 c5 2. Nf3 Nc6 3. d4 cxd4 4. Nxd4 g6 5. Nc3 Bg7 6. Be3 Nf6 7. Bc4
Qa5 8. O-O O-O 9. Bb3 a6 10. h3 b5 11. Qd3 Ne5 12. Qd1 Bb7 13. f4 Nc4 14. Qd3
Nxb2 15. Qd2 b4 16. Nd5 Nxd5 17. Bxd5 Bxd5 18. exd5 Qxd5 19. Qxb4 Rab8 20. Qd2
Nc4 21. Qd3 Nxe3 22. Qxe3 Bxd4 23. Rfe1 Bxe3 24. Rxe3 Qd4 25. Rae1 Rb1 26. Kh2
Qxf4 27. g3 Qf2 28. Kh1 Rxe1 29. Rxe1 Qxe1 30. Kg2 Qe2 31. Kg1 Rb8 32. Kh1 Rb1#
0-1

[Event "DVM U12w 2022"]
[Site "Berlin GER"]
[Date "2022.12.29"]
[Round "7"]
[White "Burchardi, Helena"]
[Black "Breja, Eva"]
[Result "1-0"]
[Termination "normal"]
[Board "2.4"]
[WhiteElo "1044"]
[BlackElo "988"]
[WhiteTeam "SC Weisse Dame e.V."]
[BlackTeam "Schachzwerge Magdeburg"]
[PlyCount "35"]
[WhiteFideId "34636374"]
[BlackFideId "34639632"]
[EventCountry "GER"]
[EventRounds "7"]
[EventType "team-swiss"]
[EventDate "2022.12.26"]

{normal} 1. e4 e5 2. Nf3 Nc6 3. Bc4 Bc5 4. c3 Nf6 5. d4 exd4 6. O-O O-O 7. cxd4
Bb6 8. d5 Na5 9. Bd3 d6 10. b4 Bg4 11. bxa5 Bxa5 12. Bb2 Qe7 13. Qe2 Rae8 14.
h3 Bh5 15. Qe3 Bb6 16. Qg5 Bxf3 17. gxf3 Nd7 18. Qxg7# 1-0

[Event "DVM U12w 2022"]
[Site "Berlin GER"]
[Date "2022.12.29"]
[Round "7"]
[White "Abram, Kristina-Maria"]
[Black "Vogt, Luna"]
[Result "1/2-1/2"]
[Termination "normal"]
[Board "3.1"]
[WhiteElo "1166"]
[BlackElo "1345"]
[WhiteTeam "Hamburger SK von 1830 eV"]
[BlackTeam "Schachgemeinschaft Porz e. V."]
[PlyCount "103"]
[WhiteFideId "16298349"]
[BlackFideId "34607153"]
[EventCountry "GER"]
[EventRounds "7"]
[EventType "team-swiss"]
[EventDate "2022.12.26"]

{normal} 1. e4 e5 2. Nf3 Nc6 3. Nc3 Nf6 4. d4 exd4 5. Nxd4 Nxd4 6. Qxd4 d6 7.
Bg5 Be7 8. O-O-O Be6 9. e5 dxe5 10. Qxe5 Bd6 11. Qb5 Bd7 12. Qxb7 O-O 13. Nd5
Be5 14. Nxf6 Bxf6 15. Bxf6 gxf6 16. Bb5 Rb8 17. Qxa7 Rxb5 18. Qd4 Qb8 19. Qxd7
Rxb2 20. Qg4 Kh8 21. Rhe1 Rb1 22. Kd2 Rd8 23. Ke2 Re8 24. Kd2 Rd8 25. Ke2 Re8
26. Kd2 Rxe1 27. Kxe1 Rb2 28. Qd4 Kg7 29. Qg4 Kf8 30. Qd4 Qe8 31. Qe3 Qxe3 32.
fxe3 Rxa2 33. Rd2 Ke7 34. c4 Rxd2 35. Kxd2 Kd6 36. Kd3 Ke5 37. g3 c5 38. e4 f5
39. exf5 Kxf5 40. Ke3 Ke5 41. g4 f6 42. h4 h6 43. h5 f5 44. Kf3 fxg4 45. Kxg4
Kd4 46. Kf5 Kxc4 47. Kg6 Kd3 48. Kxh6 c4 49. Kg7 c3 50. h6 c2 51. h7 c1=Q 52.
h8=Q 1/2-1/2

[Event "DVM U12w 2022"]
[Site "Berlin GER"]
[Date "2022.12.29"]
[Round "7"]
[White "Brandt, Clara"]
[Black "Yan, Jenny"]
[Result "0-1"]
[Termination "normal"]
[Board "3.2"]
[WhiteElo "1163"]
[BlackElo "954"]
[WhiteTeam "Schachgemeinschaft Porz e. V."]
[BlackTeam "Hamburger SK von 1830 eV"]
[PlyCount "100"]
[WhiteFideId "34614737"]
[BlackFideId "34630376"]
[EventCountry "GER"]
[EventRounds "7"]
[EventType "team-swiss"]
[EventDate "2022.12.26"]

{normal} 1. Nf3 d5 2. g3 g6 3. Bg2 Bg7 4. O-O Nf6 5. d4 Bf5 6. b3 Nc6 7. Bb2
Qd7 8. c4 Bh3 9. Nbd2 Bxg2 10. Kxg2 dxc4 11. Nxc4 O-O 12. Re1 Rad8 13. e3 Qg4
14. Nfd2 Qxd1 15. Raxd1 Nb4 16. Ba3 Nc2 17. Re2 Nxa3 18. Nxa3 Nd5 19. Rc1 c6
20. Ndc4 Rd7 21. Nb1 Nf6 22. Ne5 Rdd8 23. Rc4 Nd7 24. Nxd7 Rxd7 25. Nc3 e5 26.
Rd2 exd4 27. exd4 Rfd8 28. Ne2 Bh6 29. Rd3 Re7 30. Nc3 Re6 31. Rb4 Rd7 32. Rc4
b5 33. Rb4 Bf8 34. d5 Bxb4 35. Rf3 cxd5 36. Nxb5 Rb6 37. Nd4 Kg7 38. Rf4 Bd2
39. Rf3 Rb4 40. Nc2 Rb8 41. Rd3 Ba5 42. Ne3 Rbd8 43. a3 Bb6 44. Nc2 d4 45. a4
Kf6 46. Kf3 Ke5 47. b4 a5 48. bxa5 Bxa5 49. Na3 Rc8 50. Nb5 f5 0-1

[Event "DVM U12w 2022"]
[Site "Berlin GER"]
[Date "2022.12.29"]
[Round "7"]
[White "Fomenkova, Elina"]
[Black "Ramien, Eva"]
[Result "1/2-1/2"]
[Termination "normal"]
[Board "3.3"]
[WhiteElo "996"]
[BlackElo "915"]
[WhiteTeam "Hamburger SK von 1830 eV"]
[BlackTeam "Schachgemeinschaft Porz e. V."]
[PlyCount "66"]
[WhiteFideId "34623760"]
[BlackFideId "16275390"]
[EventCountry "GER"]
[EventRounds "7"]
[EventType "team-swiss"]
[EventDate "2022.12.26"]

{normal} 1. Nf3 Nc6 2. b3 d6 3. Bb2 e5 4. e3 a6 5. Be2 Nf6 6. O-O g6 7. d4 Bd7
8. dxe5 dxe5 9. Nxe5 Nxe5 10. Bxe5 Bg7 11. Nd2 O-O 12. c4 Re8 13. Nf3 Bc6 14.
Qxd8 Raxd8 15. Bxc7 Rc8 16. Bd6 Ne4 17. Rad1 Nc3 18. Rd2 Nxe2+ 19. Rxe2 Bxf3
20. gxf3 Red8 21. Be7 Rd7 22. Bb4 b6 23. a4 a5 24. Rd2 Rb7 25. Ba3 Bc3 26. Rc2
Bg7 27. Rd2 Rbb8 28. b4 axb4 29. Bxb4 Ra8 30. Rd6 Bf8 31. Rxb6 Rxa4 32. c5 Ra1
33. Kg2 Rb1 {wahrscheinlich nicht notierter Turmabtausch früher in der Partie,
ab hier nicht mehr nachvollziehbar} 1/2-1/2

[Event "DVM U12w 2022"]
[Site "Berlin GER"]
[Date "2022.12.29"]
[Round "7"]
[White "Daaboul, Dima"]
[Black "Blome, Antonia"]
[Result "1-0"]
[Termination "normal"]
[Board "3.4"]
[WhiteElo "885"]
[BlackElo "966"]
[WhiteTeam "Schachgemeinschaft Porz e. V."]
[BlackTeam "Hamburger SK von 1830 eV"]
[PlyCount "47"]
[WhiteFideId "34619720"]
[BlackFideId "34630090"]
[EventCountry "GER"]
[EventRounds "7"]
[EventType "team-swiss"]
[EventDate "2022.12.26"]

{normal} 1. e4 e5 2. Nf3 Nc6 3. d4 Nxd4 4. Nxe5 Ne6 5. Bc4 Nf6 6. Nc3 h6 7. Be3
b6 8. Nd5 g6 9. Qf3 Bg7 10. O-O-O c6 11. Nc3 Qe7 12. h4 h5 13. g4 hxg4 14. Nxg4
Nxg4 15. Qxg4 Bf6 16. h5 Ng5 17. hxg6 Rxh1 18. Rxh1 fxg6 19. f4 Nxe4 20. Qxg6
Kd8 21. Nxe4 d5 22. Rh7 Qxe4 23. Qxf6 Ke8 24. Qh8# 1-0

[Event "DVM U12w 2022"]
[Site "Berlin GER"]
[Date "2022.12.29"]
[Round "7"]
[White "Mehner, Clara"]
[Black "Le, Thao-Linh"]
[Result "1-0"]
[Termination "normal"]
[Board "4.1"]
[WhiteElo "1200"]
[BlackElo "1182"]
[WhiteTeam "USG Chemnitz"]
[BlackTeam "TSG Oberschöneweide e.V."]
[PlyCount "59"]
[WhiteFideId "34612165"]
[BlackFideId "16279131"]
[EventCountry "GER"]
[EventRounds "7"]
[EventType "team-swiss"]
[EventDate "2022.12.26"]

{normal} 1. e4 c6 2. d4 d5 3. Bd3 e6 4. Nc3 c5 5. Nf3 Nc6 6. Be3 Qb6 7. exd5
cxd4 8. Nxd4 Nxd4 9. Bxd4 Qxd4 10. Bb5 Bd7 11. Qxd4 Rd8 12. dxe6 fxe6 13. Qe4
Kf7 14. Qxb7 Nf6 15. Rd1 Ke8 16. Qxa7 Bb4 17. Bxd7 Nxd7 18. Qc7 Ke7 19. O-O
Rhf8 20. a3 Bc5 21. Ne4 Bb6 22. Qd6 Kf7 23. Ng5 Kg6 24. Nxe6 Rf6 25. Qg3 Kf7
26. Nxd8 Bxd8 27. Rxd7 Ke8 28. Qxg7 h5 29. Re1 Re6 30. Qf7# 1-0

[Event "DVM U12w 2022"]
[Site "Berlin GER"]
[Date "2022.12.29"]
[Round "7"]
[White "Weng, Yueyi Elina"]
[Black "Mo, Keyou"]
[Result "0-1"]
[Termination "normal"]
[Board "4.2"]
[WhiteElo "924"]
[BlackElo "1138"]
[WhiteTeam "TSG Oberschöneweide e.V."]
[BlackTeam "USG Chemnitz"]
[PlyCount "92"]
[WhiteFideId "34639896"]
[BlackFideId "34623582"]
[EventCountry "GER"]
[EventRounds "7"]
[EventType "team-swiss"]
[EventDate "2022.12.26"]

{normal} 1. e4 e5 2. d4 exd4 3. c3 d5 4. e5 Nc6 5. cxd4 f6 6. Nf3 fxe5 7. dxe5
Be6 8. Bb5 Bb4 9. Bd2 Bxd2 10. Nbxd2 Nge7 11. O-O O-O 12. Qc2 a6 13. Bxc6 Nxc6
14. Rac1 Rc8 15. a3 Qe7 16. Nb3 Bg4 17. Nfd4 Nxd4 18. Nxd4 Qxe5 19. Qc5 c6 20.
b4 Rf4 21. Nb3 Rcf8 22. h3 Be6 23. Na5 R4f7 24. Rc4 Qg5 25. Rc3 Qd8 26. Nxb7
Rxb7 27. Qxc6 Rb6 28. Qc5 Rd6 29. a4 d4 30. Rd3 Bf5 31. Qc4 Kh8 32. Rd2 d3 33.
Re1 Bg6 34. b5 axb5 35. Qxb5 Rf5 36. Qb3 Rg5 37. Qa3 Rdd5 38. Rc1 h6 39. Qb3
Qd7 40. Ra1 Qxh3 41. f3 Qxf3 42. Rf1 Qe3 43. Rff2 Be4 44. Kh2 Qg3 45. Kg1 Bxg2
46. Rxg2 Qxg2 {eventuell steht kein turm auf d2, matt wurde hier notiert} 0-1

[Event "DVM U12w 2022"]
[Site "Berlin GER"]
[Date "2022.12.29"]
[Round "7"]
[White "Fruth, Julia"]
[Black "Neurohr, Katharina"]
[Result "1-0"]
[Termination "normal"]
[Board "4.3"]
[WhiteElo "1081"]
[BlackElo "941"]
[WhiteTeam "USG Chemnitz"]
[BlackTeam "TSG Oberschöneweide e.V."]
[PlyCount "49"]
[WhiteFideId "34603050"]
[BlackFideId "34639810"]
[EventCountry "GER"]
[EventRounds "7"]
[EventType "team-swiss"]
[EventDate "2022.12.26"]

{normal} 1. e4 c6 2. d4 d5 3. exd5 cxd5 4. Bd3 Nc6 5. c3 Nf6 6. Nf3 Bg4 7. h3
Bh5 8. O-O e6 9. Bg5 Be7 10. Nbd2 O-O 11. Qc2 Bg6 12. Rfe1 Bxd3 13. Qxd3 h6 14.
Bh4 Nd7 15. Bxe7 Qxe7 16. c4 Qd6 17. cxd5 exd5 18. Re2 Rfe8 19. Rae1 Re7 20.
Nh4 Rxe2 21. Rxe2 Nf6 22. Nf5 Qf4 23. Ne7 Kf8 24. Qa3 Ne4 25. Ng6 1-0

[Event "DVM U12w 2022"]
[Site "Berlin GER"]
[Date "2022.12.29"]
[Round "7"]
[White "Dominick, Johanna"]
[Black "Leicher, Anna"]
[Result "0-1"]
[Termination "normal"]
[Board "5.1"]
[WhiteElo "1431"]
[BlackElo "1248"]
[WhiteTeam "SC Borussia Lichtenberg"]
[BlackTeam "FC Bayern München e.V."]
[PlyCount "93"]
[WhiteFideId "16296532"]
[BlackFideId "34614966"]
[EventCountry "GER"]
[EventRounds "7"]
[EventType "team-swiss"]
[EventDate "2022.12.26"]

{normal} 1. d4 d5 2. Nf3 Nc6 3. e3 Nf6 4. Bd3 Bg4 5. h3 e5 6. dxe5 Bxf3 7. Qxf3
Nxe5 8. Qe2 Bb4 9. c3 Nxd3 10. Qxd3 Ba5 11. Qb5 c6 12. Qxb7 c5 13. Qc6 Nd7 14.
Qxd5 O-O 15. O-O Re8 16. Rd1 Ne5 17. Qb3 Qh4 18. Nd2 Nd3 19. Rf1 Bb6 20. Nf3
Qh5 21. Qb5 Qg6 22. Rd1 Rad8 23. Ne1 c4 24. Qxc4 Ne5 25. Rxd8 Rxd8 26. Qe2 Bc7
27. f4 Nd3 28. Nxd3 Rxd3 29. Qg4 Qc6 30. Qf3 Qa6 31. b3 h6 32. Bb2 Rd2 33. Bc1
Rxa2 34. Rxa2 Qxa2 35. Qa8 Kh7 36. Qe4 Kg8 37. Qf5 Bb6 38. Qc8 Kh7 39. Qf5 Kg8
40. Qe5 Qa1 41. Qe8 Kh7 42. Qe4 g6 43. Qe7 Qxc1 44. Kh2 Qxc3 45. g4 Bc7 46. Kg3
g5 47. Kf3 {ab hier nicht mehr nachvollziehbar} 0-1

[Event "DVM U12w 2022"]
[Site "Berlin GER"]
[Date "2022.12.29"]
[Round "7"]
[White "Ramakrishnan, Veda"]
[Black "Klymenko, Mariia"]
[Result "1-0"]
[Termination "normal"]
[Board "5.2"]
[WhiteElo "1142"]
[BlackElo "996"]
[WhiteTeam "FC Bayern München e.V."]
[BlackTeam "SC Borussia Lichtenberg"]
[PlyCount "57"]
[WhiteFideId "16269519"]
[BlackFideId "34620621"]
[EventCountry "GER"]
[EventRounds "7"]
[EventType "team-swiss"]
[EventDate "2022.12.26"]

{normal} 1. d4 d5 2. c4 e6 3. Nc3 Nf6 4. cxd5 exd5 5. Bg5 Be7 6. e3 Nc6 7. Bd3
O-O 8. Nge2 Ne4 9. Bxe7 Qxe7 10. Nxd5 Qh4 11. O-O Nf6 12. Nxc7 Rb8 13. Nb5 Qg5
14. Nbc3 Bh3 15. Ng3 Be6 16. Nge4 Nxe4 17. Bxe4 Bh3 18. Qf3 Bd7 19. Qg3 Qxg3
20. hxg3 Na5 21. Rac1 Nc4 22. Rc2 Rfe8 23. Bd3 Rbc8 24. Rfc1 Nd6 25. Ne2 Rxc2
26. Rxc2 Ne4 27. Bxe4 Rxe4 28. Rc7 Re7 29. Rxb7 {partie nicht mehr
nachvollziehbar} 1-0

[Event "DVM U12w 2022"]
[Site "Berlin GER"]
[Date "2022.12.29"]
[Round "7"]
[White "Ali, Maha"]
[Black "Mauhs, Helena"]
[Result "1-0"]
[Termination "normal"]
[Board "5.3"]
[WhiteElo "1011"]
[BlackElo "1122"]
[WhiteTeam "SC Borussia Lichtenberg"]
[BlackTeam "FC Bayern München e.V."]
[PlyCount "77"]
[WhiteFideId "34626581"]
[BlackFideId "34630279"]
[EventCountry "GER"]
[EventRounds "7"]
[EventType "team-swiss"]
[EventDate "2022.12.26"]

{normal} 1. d4 d5 2. c4 e6 3. Nf3 Nc6 4. Nc3 Nf6 5. Bg5 h6 6. Bxf6 gxf6 7. e3
Rg8 8. Qc2 dxc4 9. Qh7 Rg7 10. Qxh6 Rxg2 11. Qh5 Rg6 12. Bxc4 Rh6 13. Qb5 a6
14. Qb3 Na5 15. Qa4 Nc6 16. O-O-O Bd7 17. Qc2 Nb4 18. Qe2 e5 19. dxe5 Bg4 20.
Rxd8 Rxd8 21. Rd1 Rxd1 22. Nxd1 Rxh2 23. exf6 Rh3 24. a3 Nc6 25. Bd5 Ne5 26.
Bxb7 Nxf3 27. Bxf3 Kd8 28. Qd3 Bd6 29. Qxa6 Rh5 30. Qa8 Bc8 31. Z0 {es wurde
wieder lxf3 notiert, vorher kein sichtlicher notationsfehler} Rc5 32. Kb1 c6
33. Bg4 Kc7 34. Qxc8 Kb6 35. Qd8 Kb5 36. Be2 Ka4 37. Qa8 Kb3 38. Qb7 Ka4 39.
Qb4# 1-0

[Event "DVM U12w 2022"]
[Site "Berlin GER"]
[Date "2022.12.29"]
[Round "7"]
[White "Hofmeier, Viktoria"]
[Black "Richter, Johanna"]
[Result "0-1"]
[Termination "normal"]
[Board "6.1"]
[WhiteElo "988"]
[BlackElo "1390"]
[WhiteTeam "SC Garching 1980 e.V. 2"]
[BlackTeam "Sfr. Heidesheim"]
[PlyCount "64"]
[WhiteFideId "34639675"]
[BlackFideId "16278925"]
[EventCountry "GER"]
[EventRounds "7"]
[EventType "team-swiss"]
[EventDate "2022.12.26"]

{normal} 1. e4 c5 2. Nc3 Nc6 3. g3 g6 4. Bg2 Bg7 5. f4 d6 6. d3 e5 7. Nf3 f5 8.
O-O Nf6 9. h3 O-O 10. Nh2 exf4 11. Bxf4 Nh5 12. Rb1 Nxf4 13. Rxf4 Be5 14. Rf3
fxe4 15. Rxf8 Qxf8 16. Nxe4 Be6 17. b3 Qe7 18. Qf3 Rf8 19. Qe3 Bd4 20. Qxd4
Nxd4 21. c3 Ne2 22. Kh1 d5 23. Re1 dxe4 24. Rxe2 exd3 25. Rd2 Bf5 26. Bd5 Kh8
27. Bc4 Qe1 28. Kg2 Qxd2 29. Kg1 Qe1 30. Kg2 Be4 31. Nf3 Bxf3 32. Kh2 Qh1# 0-1

[Event "DVM U12w 2022"]
[Site "Berlin GER"]
[Date "2022.12.29"]
[Round "7"]
[White "Bakó, Isabella"]
[Black "Piffczyk, Sandra"]
[Result "1-0"]
[Termination "normal"]
[Board "6.2"]
[WhiteElo "1202"]
[BlackElo "965"]
[WhiteTeam "Sfr. Heidesheim"]
[BlackTeam "SC Garching 1980 e.V. 2"]
[PlyCount "45"]
[WhiteFideId "16287266"]
[BlackFideId "34630309"]
[EventCountry "GER"]
[EventRounds "7"]
[EventType "team-swiss"]
[EventDate "2022.12.26"]

{normal} 1. e4 e5 2. Nf3 Nc6 3. Bb5 Nf6 4. O-O Nxe4 5. d4 d6 6. Re1 Nf6 7. dxe5
dxe5 8. Rxe5 Be7 9. Qe2 O-O 10. Bxc6 bxc6 11. Rxe7 Be6 12. b3 Qxe7 13. Ba3 c5
14. Nd4 Qd7 15. Bxc5 Rfe8 16. Nc3 Bg4 17. Qd3 Qc8 18. Nc6 Qe6 19. Nd4 Qe5 20.
Bb4 Rad8 21. Nc6 Rxd3 22. Nxe5 Rdd8 23. Nc6 {ab hier nicht weiter
nachvollziehbar} 1-0

[Event "DVM U12w 2022"]
[Site "Berlin GER"]
[Date "2022.12.29"]
[Round "7"]
[White "Piffczyk, Claudia"]
[Black "Krannich, Eva"]
[Result "0-1"]
[Termination "normal"]
[Board "6.3"]
[WhiteElo "840"]
[BlackElo "948"]
[WhiteTeam "SC Garching 1980 e.V. 2"]
[BlackTeam "Sfr. Heidesheim"]
[PlyCount "87"]
[WhiteFideId "34639829"]
[BlackFideId "34639713"]
[EventCountry "GER"]
[EventRounds "7"]
[EventType "team-swiss"]
[EventDate "2022.12.26"]

{normal} 1. e4 e6 2. d4 d5 3. e5 c5 4. Nf3 cxd4 5. Nxd4 Nc6 6. Nc3 Nge7 7. Bb5
Bd7 8. O-O Nxe5 9. Bf4 N7g6 10. Bxe5 Nxe5 11. Qe2 Ng6 12. Nxd5 Be7 13. Nc3 O-O
14. Rad1 Bxb5 15. Ndxb5 Qb6 16. Rfe1 a6 17. Nd4 Rad8 18. Nf3 h6 19. Na4 Qa7 20.
b3 b5 21. Nc3 Bb4 22. Ne5 Nxe5 23. Qxe5 Bxc3 24. Qxc3 Rd7 25. h3 Rfd8 26. Rd3
Rxd3 27. cxd3 Rd7 28. Re3 Re7 29. Rg3 e5 30. Qd2 Re6 31. d4 exd4 32. Rd3 Rd6
33. Qb4 Qd7 34. a4 bxa4 35. bxa4 Kh7 36. Qb1 Kh8 37. Rb3 Qe7 38. Qd3 a5 39. Rb5
Qc7 40. Qe4 Rc6 41. g3 g6 42. Qxd4 Kh7 43. Rb3 Qa7 44. Kg2 {ab hier nicht
weiter nachvollziehbar} 0-1

[Event "DVM U12w 2022"]
[Site "Berlin GER"]
[Date "2022.12.29"]
[Round "7"]
[White "Halas, Neele Zoe"]
[Black "Polster, Martha"]
[Result "1-0"]
[Termination "normal"]
[Board "7.1"]
[WhiteElo "1413"]
[BlackElo "1017"]
[WhiteTeam "Schachgemeinschaft Leipzig"]
[BlackTeam "SchVgg Blankenese von 1923 e.V."]
[PlyCount "50"]
[WhiteFideId "16287282"]
[BlackFideId "34639845"]
[EventCountry "GER"]
[EventRounds "7"]
[EventType "team-swiss"]
[EventDate "2022.12.26"]

{normal} 1. e4 e5 2. Nf3 Nf6 3. Nxe5 d6 4. Nf3 Nxe4 5. d4 d5 6. Bd3 Bd6 7. O-O
O-O 8. c3 Re8 9. Re1 Bf5 10. Qc2 h6 11. Nbd2 Qe7 12. h3 Nd7 13. Nf1 Ndf6 14.
Ne3 Bg6 15. Nh4 Bh7 16. Nhf5 Qe6 17. Nxd6 Qxd6 18. Bd2 Nxd2 19. Bxh7 Nxh7 20.
Qxd2 Ng5 21. Ng4 Ne4 22. Qc2 Re6 23. Ne5 c5 24. Nf3 Rc8 25. dxc5 Qxc5 {ab hier
nicht weiter nachvollziehbar} 1-0